Fundamental of geotechnical engineering. (Record no. 546291)
[ view plain ]
| 000 -LEADER | |
|---|---|
| fixed length control field | 00400nam a22001457a 4500 |
| 020 ## - INTERNATIONAL STANDARD BOOK NUMBER | |
| International Standard Book Number | 0-534-37114-0 |
| 082 ## - DEWEY DECIMAL CLASSIFICATION NUMBER | |
| Classification number | 624.15 |
| Author Mark | DAS |
| -- | N-01, P-108 |
| 100 ## - MAIN ENTRY--PERSONAL NAME | |
| Personal name | Das, Braja M. |
| 9 (RLIN) | 23492 |
| 245 ## - TITLE STATEMENT | |
| Title | Fundamental of geotechnical engineering. |
| 260 ## - PUBLICATION, DISTRIBUTION, ETC. | |
| Place of publication, distribution, etc. | USA |
| Name of publisher, distributor, etc. | Brooks/Cole |
| 300 ## - PHYSICAL DESCRIPTION | |
| Extent | xiv, 593 p. : |
| Other physical details | ill, : |
| Dimensions | 12 Cm |
| 526 ## - STUDY PROGRAM INFORMATION NOTE | |
| Program name | 0 |
| Interest level | 0 |
| Reading level | 0 |
| Title point value | 624_150000000000000_DAS |
| 650 ## - SUBJECT ADDED ENTRY--TOPICAL TERM | |
| Topical term or geographic name entry element | NUST |
| 9 (RLIN) | 6342 |
| 942 ## - ADDED ENTRY ELEMENTS (KOHA) | |
| Source of classification or shelving scheme | |
| Koha item type | Book |
| Withdrawn status | Lost status | Source of classification or shelving scheme | Damaged status | Not for loan | Permanent Location | Current Location | Date acquired | Total Checkouts | Total Renewals | Full call number | Barcode | Date last seen | Date last checked out | Price effective from | Koha item type |
|---|---|---|---|---|---|---|---|---|---|---|---|---|---|---|---|
| Military College of Engineering (MCE) | Military College of Engineering (MCE) | 06/06/2014 | 6 | 2 | 624.15 DAS | MCE-37230 | 01/30/2020 | 01/30/2020 | 06/06/2014 | Book |
